Dīwān ʻUmar ibn Abī Rabīʻah /
المؤلف الرئيسي:
مؤلفون آخرون:
التنسيق: كتاب
اللغة: Arabic
منشور في:
Bayrut :
al-Maṭbaʻah al-Waṭanīyah,
1934.
سلاسل:
al-Maktabah al-Ahlīyah fī Bayrūt lil-Ṭibāʻah wa-al-Tarjamah wa-al-Taʼlīf wa-al-Nashr.
الموضوعات:
الوسوم: إضافة وسم
رقم الطلب: PJ7700 .U4 A17 1934
| LEADER | 01354nam a2200253Ia 4500 | ||
|---|---|---|---|
| 003 | OSt | ||
| 005 | 20231025120551.0 | ||
| 008 | 130303s1934 le 000 p ara d | ||
| 952 | |0 0 |1 0 |2 lcc |4 0 |6 PJ7700 U4 A17 01934 |7 1 |9 51245 |a ARCE |b ARCE |d 2023-10-25 |l 0 |o PJ7700 .U4 A17 1934 |p 1030965 |r 2023-10-25 00:00:00 |w 2023-10-25 |y BK | ||
| 999 | |c 26373 |d 26373 | ||
| 040 | |c ARCE Library | ||
| 050 | 4 | |a PJ7700 .U4 A17 1934 | |
| 100 | 0 | |6 880-01 |a ʻUmar ibn Abī Rabīʻah, |d 643 or 644-711 or 712, |e author | |
| 245 | 1 | 0 | |6 880-02 |a Dīwān ʻUmar ibn Abī Rabīʻah / |c Waqafa ʻalá ṭabʻihi wa-taṣḥīḥihi Bishīr Yamūt. |
| 264 | 1 | |a Bayrut : |b al-Maṭbaʻah al-Waṭanīyah, |c 1934. | |
| 300 | |a 304 pages ; |c 25 cm. | ||
| 490 | 0 | |a al-Maktabah al-Ahlīyah fī Bayrūt lil-Ṭibāʻah wa-al-Tarjamah wa-al-Taʼlīf wa-al-Nashr. | |
| 600 | 0 | 0 | |a ʻUmar ibn Abī Rabīʻah, |d 643 or 644-711 or 712 |x Criticism and interpretation. |
| 650 | 0 | |a Arabic poetry |y 622-750. | |
| 700 | 1 | |a Yamūt, Bashīr. |9 42453 | |
| 880 | 0 | |6 100-01/(3/r |a عمر بن أبي ربيعة، |d 643 أو 644-711 أو 712، | |
| 880 | 1 | 0 | |6 245-02/(3/r |a ديوان عمر بن أبي ربيعة |c وقف على طبعه و تصحيحه بشير يموت. |
| 901 | |a reviewed | ||
| 942 | |c BK |2 lcc | ||
